000 00634nam a2200193Ia 4500
999 _c29087
_d29087
003 GCL
005 20240530101954.0
008 140319s9999 xx 000 0 ara d
040 _aGCL /
_cGCL
082 0 4 _a257.2
_bأ م
100 1 _aمحمد بن محمد بن احمد القرشى
245 1 0 _aمعالم القربة فى احكام الحسبة /
_cمحمد بن محمد بن احمد القرشى
260 _a[S.N] :
_bمطبعة دار الفنون ،
_c1937
650 0 4 _aالاسلام
650 0 4 _aالاقتصاد الاسلامى
650 0 4 _aالحسبة
700 1 _aروبن ليوى
942 _2ddc
_cBK